| 000 | 00476nam a22001457a 4500 | ||
|---|---|---|---|
| 082 | _aT-268 | ||
| 100 |
_aMuhammad Idrees _936086 |
||
| 245 | _aAssessing the Changing Patterns of Water Availability and Adaptation to Water Scarcity through Sustainable Water Management in Dir Lower | ||
| 260 |
_aRisalpur, _bMCE, _c2019. |
||
| 300 | _axiii, 70 pages. | ||
| 526 |
_a0 _b0 _c0 _dT_268 |
||
| 650 | _aDisaster Management | ||
| 700 | _aSupervisor Dr Arshad Ali | ||
| 942 |
_2ddc _cBK |
||
| 999 |
_c554429 _d554429 |
||